Canadian province Capitals by First Letter - Statistics

General Stats
  • This quiz has been taken 10 times
  • The average score is 10 of 13
Answer Stats
Province Capital % Correct
Prince Edward Island (PEI) Charlottetown
100%
Alberta Edmonton
100%
British Colombia Victoria
100%
Ontario Toronto
88%
Nunavut Iqaluit
75%
Quebec Quebec City
75%
Saskatchewan Regina
75%
Newfoundland and Labrador St. John’s
75%
Nova Scotia Halifax
63%
Yukon Whitehorse
63%
Manitoba Winnipeg
63%
New Brunswick Fredericton
50%
Northwest Territories Yellowknife
25%
No matching quizzes found
Score Distribution
Percent of People with Each Score
Percentile by Number Answered
Your Score History
You have not taken this quiz